00933cam a22001931 450000100100000000500170001000800410002704000250006824501440009326000450023730000210028249000650030350001430036865000330051161000290054470000440057395201050061799900170072200001635820200929164404.0830113s1960 mx 000 0 spa  aDO-SdBNPbspacBNPHU04aLos jesuitas quiteños del extrañamiento /cintroducción, selección y traducciones latinas e italianas por Aurelio Espinosa Pólit. aPuebla, México :bJ. M. Cajica,c1960. a714 p. ;c22 cm.0 aBiblioteca ecuatoriana mínima. La colonia y la república aA cabeza de tít.: Publicación auspiciada por la Secretaría General de la Undécima Conferencia Interamericana, Quito, Ecuador, 196024aLiteratura ecuatoriana9393820aJESUITASzECUADOR9364791 aEspinosa Pólit, Aurelio,esel.936480 001050718MOaGRbGRcCTd2010-03-03iLF1l0o p16358-10r2020-06-25w2020-06-25y1ZNo se presta c15893d15893